Statistics for Fun with portmanteaux: NFL version

Click here to take the quiz!

General Stats

  • This quiz has been taken 3 times
  • The average score is 11 of 15

Answer Stats

Pairs of cluesNew name% Correct
Cincinnati & flat Asian nationBengladesh
100%
Charlotte & briefsCarolina Underpanthers
100%
Sears Tower & nakedChicago Bares
100%
Slice & BrownsCleaveland
100%
Throw away & ArizonaDiscardinals
100%
Easy money & TampaFast buckaneers
100%
Commandeer & JaguarsHijacksonville
100%
Set of food products & Green BayMultipackers
100%
Tombs & CrowsGravens
50%
Nonsense & hogsHogwashington
50%
Mahomes & Hail MarysKansas City Cheaves
50%
Hollywood & composerLos Angeles Brahms
50%
Bosa & liquid emissionsLos Angeles Dischargers
50%
Belichick & mononucleosisNew Englandular Fever
50%
Roundish insect & PhiladelphiaBumblebeegles
0%

Score Distribution

Percentile by Number Answered

Percent of People with Each Score

Your Score History

You have not taken this quiz